[Event "23. Schweinfurt Open"]
[Site "Schweinfurt"]
[Date "2013.05.30"]
[Round "1.1"]
[White "Golda, Harald"]
[Black "Hegel, Pius"]
[Result "1-0"]
[WhiteElo "2332"]
[BlackElo "1719"]
[PlyCount "65"]
[EventDate "2013.05.30"]
[Source "SK SW 2000"]
[SourceDate "2013.06.02"]

1. d4 Nf6 2. Nf3 e6 3. c4 Bb4+ 4. Bd2 Qe7 5. Nc3 O-O 6. Qc2 b6 7. e4 Bb7 8. Bd3
g6 9. Bg5 Bxc3+ 10. bxc3 h6 11. Bxh6 Ng4 12. Bxf8 Kxf8 13. h3 Nf6 14. O-O d6
15. e5 Bxf3 16. exf6 Qxf6 17. gxf3 Nd7 18. Rfe1 Kg7 19. Bf1 Rh8 20. Bg2 Qg5 21.
Re4 Nf6 22. Rg4 Nxg4 23. fxg4 c5 24. Rd1 Rd8 25. Qd2 Qxd2 26. Rxd2 Kf6 27. dxc5
bxc5 28. Rb2 Rd7 29. Kf1 Ke7 30. Rb7 Rxb7 31. Bxb7 Kd7 32. h4 Kc7 33. h5 1-0

[Event "23. Schweinfurt Open"]
[Site "Schweinfurt"]
[Date "2013.05.30"]
[Round "1.2"]
[White "Itze, Jan-Peter"]
[Black "Seidens, Udo"]
[Result "0-1"]
[WhiteElo "1715"]
[BlackElo "2237"]
[PlyCount "44"]
[EventDate "2013.05.30"]
[Source "SK SW 2000"]
[SourceDate "2013.06.02"]

1. d4 Nf6 2. Nf3 d6 3. Bg5 Nbd7 4. e3 c6 5. Nbd2 h6 6. Bf4 g6 7. Bd3 Bg7 8. c3
O-O 9. e4 Nh5 10. Be3 e5 11. g3 Nhf6 12. h3 Re8 13. Qb3 exd4 14. cxd4 Nb6 15.
Nh4 Be6 16. Qc2 Rc8 17. f4 Nfd5 18. Bf2 Nb4 19. Qc3 c5 20. Bb5 N6d5 21. Qb3 Nc7
22. Qa4 Nxb5 0-1

[Event "23. Schweinfurt Open"]
[Site "Schweinfurt"]
[Date "2013.05.30"]
[Round "1.3"]
[White "Kunz, Konstantin"]
[Black "Trinkwalter, Jan"]
[Result "1-0"]
[WhiteElo "2184"]
[BlackElo "1688"]
[PlyCount "43"]
[EventDate "2013.05.30"]
[Source "SK SW 2000"]
[SourceDate "2013.06.02"]

1. d4 Nf6 2. Nf3 e6 3. Bf4 c5 4. c3 d5 5. e3 Be7 6. h3 Nc6 7. Nbd2 O-O 8. Bd3
c4 9. Bc2 Qa5 10. a4 b5 11. axb5 Qxb5 12. Ra2 h6 13. O-O Rd8 14. Qe2 Qb7 15.
Rfa1 a6 16. e4 Nh5 17. Bh2 g6 18. g4 Ng7 19. e5 Bd7 20. Qe3 h5 21. Qh6 Bf8 22.
Ng5 1-0

[Event "23. Schweinfurt Open"]
[Site "Schweinfurt"]
[Date "2013.05.30"]
[Round "1.4"]
[White "Malchau, Jochen"]
[Black "Amtmann, Florian"]
[Result "0-1"]
[WhiteElo "1635"]
[BlackElo "2171"]
[PlyCount "54"]
[EventDate "2013.05.30"]
[Source "SK SW 2000"]
[SourceDate "2013.06.02"]

1. d4 Nf6 2. c4 c5 3. d5 g6 4. Nc3 Bg7 5. e4 d6 6. f4 O-O 7. Nf3 e6 8. Be2 exd5
9. cxd5 Re8 10. e5 dxe5 11. fxe5 Ng4 12. d6 Nxe5 13. O-O Nbc6 14. Nb5 Rf8 15.
Nc7 Rb8 16. Qd5 b6 17. Bg5 Qd7 18. Bb5 Bb7 19. Qd2 Nxf3+ 20. Rxf3 Bd4+ 21. Kh1
Qxd6 22. Na6 Bxa6 23. Bxa6 Ne5 24. Rf6 Qd5 25. Raf1 Qxa2 26. Bh6 Qxa6 27. Bxf8
Rxf8 0-1

[Event "23. Schweinfurt Open"]
[Site "Schweinfurt"]
[Date "2013.05.30"]
[Round "1.5"]
[White "Ziegler, Michael"]
[Black "Hanft, Günter"]
[Result "1/2-1/2"]
[WhiteElo "2151"]
[BlackElo "1615"]
[PlyCount "138"]
[EventDate "2013.05.30"]
[Source "SK SW 2000"]
[SourceDate "2013.06.02"]

1. d4 Nf6 2. Nf3 e6 3. c4 d5 4. g3 Bb4+ 5. Bd2 Bxd2+ 6. Nbxd2 O-O 7. Bg2 b6 8.
Qc2 Na6 9. O-O c5 10. Rfd1 Bb7 11. cxd5 exd5 12. Qf5 Qc8 13. Qf4 Qg4 14. Rac1
Qxf4 15. gxf4 Rac8 16. dxc5 Nxc5 17. Ne5 Rfd8 18. Bh3 Ne6 19. e3 Kf8 20. Nb3
Rxc1 21. Rxc1 Rc8 22. Rxc8+ Bxc8 23. Nd4 Nxd4 24. Bxc8 Ne6 25. Kf1 Ne8 26. Bb7
d4 27. Bf3 Nd6 28. Ke2 f6 29. Nc6 a5 30. Bd5 Nc7 31. Bb3 dxe3 32. fxe3 Na6 33.
Kf3 Nc5 34. Bd5 f5 35. b4 axb4 36. Nxb4 Ke7 37. Nc6+ Kf6 38. Nd4 h6 39. h3 g5
40. Ne2 Nce4 41. Nc1 Nd2+ 42. Ke2 N2e4 43. Bb3 h5 44. fxg5+ Kxg5 45. Nd3 Kh4
46. Nf4 Ng5 47. a4 Nxh3 48. Nd5 Nc8 49. Kf3 Ng1+ 50. Kg2 Nh3 51. Bc4 Ng5 52.
Ba6 Na7 53. Nxb6 Ne4 54. Bd3 Kg4 55. Nd5 h4 56. Bxe4 fxe4 57. Nc3 h3+ 58. Kh2
Kf3 59. Nd5 Nc6 60. Kxh3 Na5 61. Kh4 Nc4 62. Kg5 Nxe3 63. Nxe3 Kxe3 64. a5 Kf2
65. a6 e3 66. a7 e2 67. a8=Q e1=Q 68. Qa7+ Qe3+ 69. Qxe3+ Kxe3 1/2-1/2

[Event "23. Schweinfurt Open"]
[Site "Schweinfurt"]
[Date "2013.05.30"]
[Round "1.6"]
[White "Lachnit, Manfred"]
[Black "Schmitt, Philipp"]
[Result "0-1"]
[WhiteElo "1613"]
[BlackElo "2158"]
[PlyCount "46"]
[EventDate "2013.05.30"]
[Source "SK SW 2000"]
[SourceDate "2013.06.02"]

1. e4 e6 2. d4 d5 3. e5 c5 4. c3 Qb6 5. a3 Nc6 6. Nf3 Nh6 7. Bxh6 Qxb2 8. Be3
Qxa1 9. dxc5 Bd7 10. Qc2 Na5 11. Bd3 Rc8 12. O-O Bxc5 13. Bxc5 Rxc5 14. Bxh7
Nc4 15. Bg6 fxg6 16. Qxg6+ Kd8 17. Ng5 Re8 18. Nf7+ Kc7 19. Qxg7 Qa2 20. h4 Rb5
21. Qh7 Re7 22. Qg8 Rxf7 23. Qxf7 Rxb1 0-1

[Event "23. Schweinfurt Open"]
[Site "Schweinfurt"]
[Date "2013.05.30"]
[Round "1.7"]
[White "Kuhn, Norbert"]
[Black "Raaber, Arthur"]
[Result "1-0"]
[WhiteElo "2149"]
[BlackElo "1605"]
[PlyCount "43"]
[EventDate "2013.05.30"]
[Source "SK SW 2000"]
[SourceDate "2013.06.02"]

1. e4 e5 2. d4 exd4 3. Nf3 Nf6 4. e5 Nd5 5. Qxd4 c6 6. Bc4 Qa5+ 7. Bd2 Bb4 8.
O-O Bxd2 9. Nbxd2 Ne7 10. Ne4 O-O 11. Nd6 Na6 12. Ng5 Nd5 13. Qe4 g6 14. Qh4 h5
15. Rad1 Nac7 16. Rd3 b6 17. Ngxf7 Ne6 18. Bxd5 cxd5 19. Qf6 Ng7 20. Rg3 Rxf7
21. Qxf7+ Kh8 22. Rxg6 1-0

[Event "23. Schweinfurt Open"]
[Site "Schweinfurt"]
[Date "2013.05.30"]
[Round "1.8"]
[White "Brodt, Andreas"]
[Black "Bräutigam, Thomas"]
[Result "0-1"]
[WhiteElo "1601"]
[BlackElo "2116"]
[PlyCount "82"]
[EventDate "2013.05.30"]
[Source "SK SW 2000"]
[SourceDate "2013.06.02"]

1. d4 Nf6 2. Nf3 g6 3. c4 c5 4. Nc3 Bg7 5. e3 O-O 6. Be2 cxd4 7. exd4 d5 8. O-O
Nc6 9. c5 Ne4 10. Be3 Nxc3 11. bxc3 b6 12. cxb6 axb6 13. Qd2 Re8 14. Bb5 Bd7
15. Bxc6 Bxc6 16. Ne5 Bxe5 17. dxe5 Ra4 18. Bd4 e6 19. Rfb1 b5 20. g3 Qa5 21.
Bc5 Rc4 22. Bb4 Qa7 23. a3 Ba8 24. Rf1 Rec8 25. Rac1 Qc7 26. Rce1 Qb6 27. Qe3
Qc7 28. Rc1 d4 29. Qg5 dxc3 30. Be7 h6 31. Qf6 Re8 32. Bb4 c2 33. Bd2 Qd8 34.
Qxd8 Rxd8 35. Bxh6 Rd3 36. Ra1 Bf3 37. h4 Bd1 38. Bc1 Ra4 39. Kh2 Rb3 40. Ra2
Rb1 41. Be3 b4 0-1

[Event "23. Schweinfurt Open"]
[Site "Schweinfurt"]
[Date "2013.05.30"]
[Round "1.9"]
[White "Schmitz, Wolfgang"]
[Black "Roth, Jakob"]
[Result "1-0"]
[WhiteElo "2070"]
[BlackElo "1582"]
[PlyCount "75"]
[EventDate "2013.05.30"]
[Source "SK SW 2000"]
[SourceDate "2013.06.02"]

1. e4 c6 2. d4 d5 3. Nc3 dxe4 4. Nxe4 Bf5 5. Ng3 Bg6 6. Nf3 Nf6 7. Bd3 Bxd3 8.
Qxd3 e6 9. O-O Nbd7 10. Re1 Bd6 11. Nf5 Bf8 12. Bf4 Qb6 13. c4 O-O-O 14. Nd6+
Bxd6 15. Bxd6 c5 16. Bg3 cxd4 17. c5 Nxc5 18. Rec1 Nfd7 19. Qxd4 f6 20. b4 e5
21. bxc5 Qc6 22. Qc4 h5 23. h4 g5 24. hxg5 fxg5 25. Nxe5 Nxe5 26. Bxe5 Rhe8 27.
Bd6 h4 28. Qg4+ Rd7 29. Re1 Rh8 30. Re7 h3 31. Rae1 Qxg2+ 32. Qxg2 hxg2 33.
Re8+ Rd8 34. Rxh8 Rxh8 35. Re7 Rh1+ 36. Kxg2 Ra1 37. Rc7+ Kb8 38. Rc6+ 1-0

[Event "23. Schweinfurt Open"]
[Site "Schweinfurt"]
[Date "2013.05.30"]
[Round "1.10"]
[White "Hofmann-Weippert, Matthias"]
[Black "Poßke, Thore"]
[Result "0-1"]
[WhiteElo "1555"]
[BlackElo "1900"]
[PlyCount "64"]
[EventDate "2013.05.30"]
[Source "SK SW 2000"]
[SourceDate "2013.06.02"]

1. d4 d5 2. c4 c6 3. Nf3 e6 4. Nc3 dxc4 5. e3 b5 6. a4 Bb4 7. Bd2 a5 8. axb5
Bxc3 9. Bxc3 cxb5 10. Be2 Bb7 11. O-O Nf6 12. Ne5 O-O 13. Bf3 Ne4 14. Qc2 f5
15. b3 b4 16. Be1 cxb3 17. Qxb3 Qd5 18. Qb2 Nc6 19. Nd3 Ba6 20. Nf4 Qd7 21. Be2
Bxe2 22. Qxe2 e5 23. Qc4+ Kh8 24. Nd5 Qe6 25. dxe5 Nxe5 26. Qb5 Rfb8 27. Rxa5
Nd6 28. Rxa8 Rxa8 29. Qc5 Rc8 30. Qd4 Nb5 31. Nf4 Nxd4 32. Nxe6 Nxe6 0-1

[Event "23. Schweinfurt Open"]
[Site "Schweinfurt"]
[Date "2013.05.30"]
[Round "1.11"]
[White "Yalcin, Alparslan"]
[Black "Hartmann, Christian"]
[Result "1-0"]
[WhiteElo "2027"]
[BlackElo "1554"]
[PlyCount "73"]
[EventDate "2013.05.30"]
[Source "SK SW 2000"]
[SourceDate "2013.06.02"]

1. e4 e5 2. Nf3 Nc6 3. d4 exd4 4. Nxd4 Nf6 5. Nxc6 bxc6 6. e5 Qe7 7. Qe2 Nd5 8.
c4 Ba6 9. b3 g6 10. g3 Bg7 11. Bb2 O-O 12. Bg2 Nb6 13. O-O Rae8 14. Re1 f6 15.
e6 Qxe6 16. Qxe6+ Rxe6 17. Rxe6 dxe6 18. Bxc6 Rd8 19. Nc3 f5 20. Rd1 Rxd1+ 21.
Nxd1 Bxb2 22. Nxb2 Bc8 23. Nd3 Kf8 24. f4 Ke7 25. Kf2 Bd7 26. Bf3 Be8 27. Ke3
Kf6 28. Kd4 Nc8 29. Nc5 Ke7 30. Na6 Kd7 31. Ke5 Nd6 32. c5 Nf7+ 33. Kf6 Nd8 34.
Nb4 h5 35. Nd3 Nc6 36. Bxc6+ Kxc6 37. Ke7 1-0

[Event "23. Schweinfurt Open"]
[Site "Schweinfurt"]
[Date "2013.05.30"]
[Round "1.12"]
[White "Basel, Moritz"]
[Black "Krenz, Dieter"]
[Result "0-1"]
[WhiteElo "1525"]
[BlackElo "2028"]
[PlyCount "42"]
[EventDate "2013.05.30"]
[Source "SK SW 2000"]
[SourceDate "2013.06.02"]

1. d4 d5 2. c4 e6 3. Nc3 Be7 4. Nf3 Nf6 5. Bg5 O-O 6. e3 a6 7. cxd5 exd5 8. Bd3
c6 9. Rb1 Bg4 10. b4 Nbd7 11. a4 Re8 12. Qe2 Ne4 13. Nxe4 dxe4 14. h3 exd3 15.
Bxe7 Qxe7 16. Qxd3 Bh5 17. Qb3 Bxf3 18. gxf3 Qf6 19. e4 Rad8 20. Rd1 Nf8 21.
O-O Rxd4 0-1

[Event "23. Schweinfurt Open"]
[Site "Schweinfurt"]
[Date "2013.05.30"]
[Round "1.13"]
[White "Neubauer, Jaro"]
[Black "Wolf, Pablo"]
[Result "1-0"]
[WhiteElo "2027"]
[BlackElo "1506"]
[PlyCount "65"]
[EventDate "2013.05.30"]
[Source "SK SW 2000"]
[SourceDate "2013.06.02"]

1. e4 c5 2. Nc3 d6 3. f4 Nf6 4. Nf3 Nc6 5. Bc4 e6 6. d3 Be7 7. O-O a6 8. a4 O-O
9. h3 Bd7 10. Qe1 Na5 11. Ba2 b5 12. axb5 axb5 13. Bd2 b4 14. Ne2 Bc6 15. Ng3
Bb5 16. f5 e5 17. Bd5 Nxd5 18. exd5 Nb7 19. Rxa8 Qxa8 20. Ne4 f6 21. b3 Nd8 22.
Qg3 Nf7 23. Nh2 Qxd5 24. Ng4 Kh8 25. Qh4 Qb7 26. Rf3 d5 27. Nexf6 Ng5 28. Bxg5
gxf6 29. Nxf6 Bxf6 30. Bxf6+ Rxf6 31. Qxf6+ Qg7 32. Qb6 Qd7 33. Rg3 1-0

[Event "23. Schweinfurt Open"]
[Site "Schweinfurt"]
[Date "2013.05.30"]
[Round "1.14"]
[White "Müller, Kai"]
[Black "Helgert, Johannes"]
[Result "1/2-1/2"]
[WhiteElo "1481"]
[BlackElo "2024"]
[PlyCount "83"]
[EventDate "2013.05.30"]
[Source "SK SW 2000"]
[SourceDate "2013.06.02"]

1. e4 e6 2. Nf3 d5 3. e5 c5 4. b4 c4 5. c3 Bd7 6. d3 cxd3 7. Bxd3 Qc7 8. O-O
Ne7 9. Bf4 Ng6 10. Bg3 a6 11. a4 Be7 12. Qe2 Nc6 13. Na3 O-O 14. Nc2 Na7 15. c4
dxc4 16. Bxc4 b5 17. Bb3 bxa4 18. Bxa4 Nb5 19. Qe3 Rfc8 20. Rfd1 Be8 21. Bxb5
Bxb5 22. Nfd4 Bc4 23. Rac1 Qb7 24. Na3 Bd5 25. Rxc8+ Rxc8 26. b5 Bxa3 27. Qxa3
axb5 28. Qb4 Bxg2 29. Qxb5 Qxb5 30. Nxb5 Bd5 31. Nd6 Rb8 32. Kf1 Kf8 33. Ke1
Ke7 34. Rc1 Nh8 35. f4 Rd8 36. Bf2 f6 37. Bc5 Kd7 38. Ra1 Kc6 39. Bd4 fxe5 40.
fxe5 Ng6 41. Ra6+ Kd7 42. Ra7+ 1/2-1/2

[Event "23. Schweinfurt Open"]
[Site "Schweinfurt"]
[Date "2013.05.30"]
[Round "1.15"]
[White "Neuberg, Hans-Gerhard"]
[Black "Steinerstauch, Bernd"]
[Result "1-0"]
[WhiteElo "1992"]
[BlackElo "1435"]
[PlyCount "75"]
[EventDate "2013.05.30"]
[Source "SK SW 2000"]
[SourceDate "2013.06.02"]

1. e4 c5 2. Nf3 Nc6 3. d4 cxd4 4. Nxd4 e5 5. Nb5 d6 6. c4 a6 7. N5a3 Be7 8. Nc3
Nf6 9. Nc2 O-O 10. Be2 Bd7 11. O-O Rc8 12. b3 Rc7 13. Ba3 Bc8 14. Ne3 Nd4 15.
Bd3 Be6 16. Ncd5 Nxd5 17. exd5 Bd7 18. Qe1 f5 19. Bb2 f4 20. Bxd4 exd4 21. Nc2
Bf6 22. Qe4 g6 23. Qxf4 Be5 24. Qd2 Qh4 25. g3 Qf6 26. f4 Bh3 27. fxe5 Qxe5 28.
Rxf8+ Kxf8 29. Qh6+ Kg8 30. Qxh3 Rf7 31. Re1 Qf6 32. Rf1 Qg5 33. Rxf7 Kxf7 34.
Qf1+ Kg7 35. Nxd4 Qe3+ 36. Qf2 Qxd3 37. Ne6+ Kh6 38. Qf4+ 1-0

[Event "23. Schweinfurt Open"]
[Site "Schweinfurt"]
[Date "2013.05.30"]
[Round "1.16"]
[White "Simon, Jonathan"]
[Black "Bebersdorf, Claus"]
[Result "1-0"]
[WhiteElo "1954"]
[BlackElo "1991"]
[PlyCount "53"]
[EventDate "2013.05.30"]
[Source "SK SW 2000"]
[SourceDate "2013.06.02"]

1. d4 d5 2. c4 c6 3. Nf3 Bf5 4. Nc3 Nf6 5. cxd5 Nxd5 6. Qb3 Qb6 7. Qxb6 Nxb6 8.
e4 Bd7 9. Be2 e6 10. O-O Be7 11. a4 O-O 12. a5 Nc8 13. Be3 Nd6 14. Ne5 Rd8 15.
f3 Be8 16. Kh1 Nd7 17. a6 Nb8 18. axb7 Nxb7 19. Na4 f6 20. Nd3 Nd7 21. Rfc1 Nb6
22. Nac5 Nxc5 23. Nxc5 Kf7 24. Ba6 Rab8 25. Nb7 Rd7 26. Na5 Rc7 27. Bf4 1-0

[Event "23. Schweinfurt Open"]
[Site "Schweinfurt"]
[Date "2013.05.30"]
[Round "1.17"]
[White "von der Linden, Armin"]
[Black "Häusler, Luis"]
[Result "1-0"]
[WhiteElo "1976"]
[BlackElo "1428"]
[PlyCount "87"]
[EventDate "2013.05.30"]
[Source "SK SW 2000"]
[SourceDate "2013.06.02"]

1. d4 d5 2. c4 c6 3. Nf3 Nf6 4. Qc2 e6 5. g3 Nbd7 6. Bg2 Be7 7. Nbd2 b6 8. O-O
O-O 9. e4 dxe4 10. Nxe4 Nxe4 11. Qxe4 Bb7 12. Bf4 Nf6 13. Qc2 c5 14. Rad1 Qc8
15. Rfe1 Re8 16. Re2 cxd4 17. Be5 d3 18. Qxd3 Rd8 19. Bd4 Bc5 20. Qc3 Bxd4 21.
Rxd4 Rxd4 22. Qxd4 Qd8 23. Rd2 Qxd4 24. Rxd4 Kf8 25. Ne5 Bxg2 26. Kxg2 Rc8 27.
b3 Ke7 28. f4 Rc7 29. Kf3 Nd7 30. Rxd7+ Rxd7 31. Nxd7 Kxd7 32. Ke4 Kd6 33. b4
f6 34. g4 h6 35. h4 Kc6 36. g5 fxg5 37. fxg5 hxg5 38. hxg5 b5 39. c5 g6 40. Ke5
Kd7 41. Kf6 Kc6 42. Kxe6 a6 43. Kf6 Kd7 44. Kxg6 1-0

[Event "23. Schweinfurt Open"]
[Site "Schweinfurt"]
[Date "2013.05.30"]
[Round "1.18"]
[White "Christ, Andreas"]
[Black "Gould, Charles"]
[Result "0-1"]
[WhiteElo "1397"]
[BlackElo "1969"]
[PlyCount "84"]
[EventDate "2013.05.30"]
[Source "SK SW 2000"]
[SourceDate "2013.06.02"]

1. e4 d6 2. Bc4 Nf6 3. Nc3 g6 4. d3 Bg7 5. h3 c6 6. Qf3 Nbd7 7. Bf4 Qb6 8. Bb3
Qa5 9. Nge2 b5 10. O-O e5 11. Bd2 Qc7 12. a3 O-O 13. Bg5 a5 14. Rfd1 Nh5 15.
Be7 a4 16. Ba2 Ra7 17. Bxf8 Nxf8 18. d4 Ne6 19. d5 Nd4 20. Nxd4 exd4 21. Ne2 c5
22. Re1 Qe7 23. c3 dxc3 24. Nxc3 b4 25. axb4 cxb4 26. Nd1 Qg5 27. Kh2 Be5+ 28.
Kh1 Nf4 29. g4 Qh6 30. Re3 Bd4 31. Kh2 Rc7 32. Qg3 Be5 33. Qf3 Nxh3+ 34. Kg2
Ng5 35. Qh3 Nxh3 36. Rxh3 Qf4 37. Ne3 Qxe4+ 38. Kg1 Bxg4 39. Bb1 Rc1+ 40. Nf1
Rxf1+ 41. Kxf1 Bxh3+ 42. Kg1 Qg2# 0-1

[Event "23. Schweinfurt Open"]
[Site "Schweinfurt"]
[Date "2013.05.30"]
[Round "1.19"]
[White "Klüber, Werner"]
[Black "Grasmik, Waldemar"]
[Result "0-1"]
[WhiteElo "1958"]
[BlackElo "1375"]
[PlyCount "54"]
[EventDate "2013.05.30"]
[Source "SK SW 2000"]
[SourceDate "2013.06.02"]

1. d4 d5 2. e4 c6 3. Nc3 a6 4. exd5 cxd5 5. g3 Bf5 6. Bg2 e6 7. Nf3 Nc6 8. a3
h5 9. h4 Bg4 10. O-O Qc7 11. Bf4 Bd6 12. Bxd6 Qxd6 13. Rc1 f6 14. Qd2 Nge7 15.
Rfe1 Bxf3 16. Bxf3 g5 17. hxg5 fxg5 18. Qxg5 Kd7 19. Na4 Rag8 20. Qh4 Nf5 21.
Qf6 h4 22. Nc5+ Ke8 23. Qxe6+ Qxe6 24. Nxe6 hxg3 25. fxg3 Rxg3+ 26. Kf2 Rh2+
27. Bg2 Rhxg2+ 0-1

[Event "23. Schweinfurt Open"]
[Site "Schweinfurt"]
[Date "2013.05.30"]
[Round "1.20"]
[White "Herda, Christoph"]
[Black "Memmel, Stefan"]
[Result "1-0"]
[WhiteElo "1917"]
[BlackElo "1278"]
[PlyCount "45"]
[EventDate "2013.05.30"]
[Source "SK SW 2000"]
[SourceDate "2013.06.02"]

1. Nc3 Nf6 2. g4 g5 3. e4 d6 4. h3 e5 5. Bc4 Be6 6. Bxe6 fxe6 7. Nf3 h6 8. d4
Nbd7 9. h4 Nxg4 10. hxg5 Bg7 11. gxh6 Bxh6 12. Bg5 Qc8 13. dxe5 Ndxe5 14. Nxe5
Nxe5 15. Rxh6 Rxh6 16. Bxh6 Kd7 17. Qh5 Qh8 18. Ke2 Rg8 19. Rh1 Qf6 20. Be3 Nc4
21. Qb5+ Kc8 22. Rh7 Nxe3 23. Qd7+ 1-0

[Event "23. Schweinfurt Open"]
[Site "Schweinfurt"]
[Date "2013.05.30"]
[Round "1.21"]
[White "Albert, Samuel"]
[Black "Wiener, Horst"]
[Result "1/2-1/2"]
[WhiteElo "1272"]
[BlackElo "1909"]
[PlyCount "46"]
[EventDate "2013.05.30"]
[Source "SK SW 2000"]
[SourceDate "2013.06.02"]

1. c4 e5 2. Nc3 f5 3. Nf3 e4 4. Nd4 d6 5. g3 Nc6 6. Nxc6 bxc6 7. Bg2 Nf6 8. d4
Be7 9. O-O d5 10. Qa4 Qd7 11. c5 O-O 12. b4 a6 13. Qb3 Qe6 14. Bf4 Ra7 15. a4
Bd7 16. b5 axb5 17. axb5 Rxa1 18. Rxa1 cxb5 19. Bxc7 Qc6 20. Be5 b4 21. Qxb4
Ng4 22. Bf4 g5 23. f3 Nxh2 1/2-1/2

[Event "23. Schweinfurt Open"]
[Site "Schweinfurt"]
[Date "2013.05.30"]
[Round "1.22"]
[White "Völker, Joachim"]
[Black "Gerhard, Georg"]
[Result "1-0"]
[WhiteElo "1880"]
[BlackElo "1269"]
[PlyCount "55"]
[EventDate "2013.05.30"]
[Source "SK SW 2000"]
[SourceDate "2013.06.02"]

1. e4 c5 2. Nf3 Nc6 3. Bb5 d6 4. b3 Bd7 5. Bb2 e5 6. O-O a6 7. Bxc6 Bxc6 8. d3
Nf6 9. Nbd2 Be7 10. Nc4 b5 11. Ne3 O-O 12. Nd2 Nd7 13. Nf5 g6 14. Nxe7+ Qxe7
15. Qe2 f5 16. exf5 Rxf5 17. f4 Raf8 18. fxe5 Rxf1+ 19. Rxf1 Rxf1+ 20. Kxf1
dxe5 21. Qg4 Bb7 22. Ne4 Nf6 23. Qg5 Bxe4 24. dxe4 Qf7 25. Ke2 Nxe4 26. Qd8+
Kg7 27. Bxe5+ Kh6 28. Qh4# 1-0

[Event "23. Schweinfurt Open"]
[Site "Schweinfurt"]
[Date "2013.05.30"]
[Round "1.23"]
[White "Engelbrecht, Klaus"]
[Black "Feichtner, Erich"]
[Result "0-1"]
[WhiteElo "1247"]
[BlackElo "1873"]
[PlyCount "56"]
[EventDate "2013.05.30"]
[Source "SK SW 2000"]
[SourceDate "2013.06.02"]

1. e4 e5 2. Nc3 Nf6 3. Nf3 Nc6 4. d4 exd4 5. Nxd4 Bb4 6. Nxc6 bxc6 7. Bg5 h6 8.
Bxf6 Qxf6 9. Qd3 O-O 10. a3 Ba5 11. f3 d5 12. O-O-O Rb8 13. exd5 cxd5 14. b4
Bf5 15. Qd4 Qxd4 16. Rxd4 Bb6 17. Rxd5 Be3+ 18. Kb2 Be6 19. Rd3 Bg5 20. Be2 c5
21. b5 Bc4 22. Rd6 Bxe2 23. Nxe2 Rxb5+ 24. Kc3 Ra5 25. Kc4 Rxa3 26. Kxc5 Be7
27. Nd4 Rc8+ 28. Kd5 Ra5+ 0-1

[Event "23. Schweinfurt Open"]
[Site "Schweinfurt"]
[Date "2013.05.30"]
[Round "1.24"]
[White "Häusler, Yannick"]
[Black "Li, Simon"]
[Result "1-0"]
[WhiteElo "1857"]
[BlackElo "1223"]
[PlyCount "139"]
[EventDate "2013.05.30"]
[Source "SK SW 2000"]
[SourceDate "2013.06.02"]

1. e4 c5 2. Nf3 d6 3. d4 cxd4 4. Nxd4 Nf6 5. Nc3 g6 6. Be3 Bg7 7. f3 Nc6 8. Qd2
O-O 9. g4 d5 10. g5 Nh5 11. Nxd5 e6 12. Nxc6 bxc6 13. Nc3 Qe7 14. O-O-O a5 15.
Rg1 Rb8 16. Na4 Qb7 17. c3 Re8 18. Nc5 Qa8 19. Qc2 Qa7 20. Bf2 Qa8 21. Qd2 a4
22. a3 Qa5 23. Be2 Bb7 24. Qc2 Nf4 25. Bf1 Ba8 26. Qxa4 Qb6 27. Qc2 Qa5 28. Nd3
Nxd3+ 29. Bxd3 Bb7 30. f4 Ba6 31. Bxa6 Qxa6 32. Rd3 Re7 33. Rgd1 Qa5 34. Qd2
Bf8 35. c4 Qa4 36. Qc2 Qa5 37. b4 Qa6 38. Bc5 Ree8 39. Bxf8 Rxf8 40. Kb2 c5 41.
b5 Qb7 42. Rd7 Qc8 43. Qd2 Ra8 44. Qd6 Re8 45. Qc7 Rf8 46. Qxc8 Rfxc8 47. Kb3
Kg7 48. a4 Kf8 49. b6 Rab8 50. b7 Ke8 51. a5 Rc6 52. Ka4 f5 53. Kb5 Rcc8 54. a6
fxe4 55. a7 e3 56. axb8=Q Rxb8 57. Rd8+ Rxd8 58. Rxd8+ Kxd8 59. b8=Q+ Ke7 60.
Qe5 Kd7 61. Kxc5 e2 62. Qxe2 Ke7 63. Kb6 Kd6 64. c5+ Kd5 65. c6 h5 66. c7 e5
67. Qxe5+ Kc4 68. c8=Q+ Kb4 69. Qec3+ Ka4 70. Q8c4# 1-0

[Event "23. Schweinfurt Open"]
[Site "Schweinfurt"]
[Date "2013.05.30"]
[Round "1.25"]
[White "Brückner, Alexander"]
[Black "Müller, Gerhard"]
[Result "0-1"]
[WhiteElo "1202"]
[BlackElo "1854"]
[PlyCount "76"]
[EventDate "2013.05.30"]
[Source "SK SW 2000"]
[SourceDate "2013.06.02"]

1. e4 d5 2. exd5 Qxd5 3. Nc3 Qa5 4. d4 c6 5. Bc4 Nf6 6. h3 b5 7. Bb3 Bb7 8. Nf3
e6 9. Bd2 Qb6 10. Be3 Qc7 11. O-O Nbd7 12. Re1 Bb4 13. Qd3 a6 14. Bd2 Be7 15.
Qe2 h6 16. Nh4 O-O-O 17. Nf3 g5 18. a4 Rdg8 19. axb5 cxb5 20. Ne5 Nxe5 21. dxe5
Nd7 22. Rac1 Nc5 23. Kh1 h5 24. Na2 g4 25. Rg1 gxh3 26. f3 Qc6 27. Rcf1 hxg2+
28. Rxg2 Rxg2 29. Qxg2 Nxb3 30. cxb3 Qd5 31. Qg7 Rf8 32. Bg5 Qd8 33. Bxe7 Qxe7
34. Qg3 Bd5 35. Qf2 Kb7 36. Qe3 Rg8 37. Qf4 Qg5 38. Qxf7+ Kb6 0-1

[Event "23. Schweinfurt Open"]
[Site "Schweinfurt"]
[Date "2013.05.30"]
[Round "1.26"]
[White "Deißenberger, Andreas"]
[Black "Leeb, Christian"]
[Result "1-0"]
[WhiteElo "1848"]
[BlackElo "1164"]
[PlyCount "87"]
[EventDate "2013.05.30"]
[Source "SK SW 2000"]
[SourceDate "2013.06.02"]

1. d4 d5 2. Nf3 c6 3. e3 Bg4 4. Nbd2 Nf6 5. Be2 Nbd7 6. O-O e6 7. b3 Be7 8. Bb2
O-O 9. c4 dxc4 10. Nxc4 b5 11. Nce5 Nxe5 12. Nxe5 Bxe2 13. Qxe2 Rc8 14. Rac1
Qd5 15. Rfd1 a6 16. f3 Rc7 17. Rc2 Rfc8 18. Rdc1 c5 19. Ba3 cxd4 20. Bxe7 Qxe5
21. Rxc7 Rxc7 22. Rxc7 Qxc7 23. Bxf6 Qc1+ 24. Kf2 dxe3+ 25. Qxe3 Qxe3+ 26. Kxe3
gxf6 27. Kd4 Kf8 28. g4 Ke7 29. Kc5 e5 30. Kb6 Kd6 31. Kxa6 Kc5 32. a4 bxa4 33.
bxa4 Kc6 34. a5 h6 35. h3 f5 36. gxf5 f6 37. Ka7 Kc7 38. h4 h5 39. a6 Kd6 40.
Kb6 e4 41. fxe4 Ke5 42. a7 Kxe4 43. a8=Q+ Kxf5 44. Qf3+ 1-0

[Event "23. Schweinfurt Open"]
[Site "Schweinfurt"]
[Date "2013.05.30"]
[Round "1.27"]
[White "Weippert, Sophia"]
[Black "Schneider, Johannes"]
[Result "0-1"]
[WhiteElo "1145"]
[BlackElo "1840"]
[PlyCount "104"]
[EventDate "2013.05.30"]
[Source "SK SW 2000"]
[SourceDate "2013.06.02"]

1. e4 c5 2. Nf3 d6 3. Nc3 a6 4. a3 e6 5. d4 cxd4 6. Nxd4 b5 7. b4 Bb7 8. Bb2
Nf6 9. Bd3 Be7 10. O-O Nbd7 11. Re1 Rc8 12. a4 bxa4 13. Nxa4 Ne5 14. Nf3 Nc4
15. Nd2 Nxb2 16. Nxb2 d5 17. e5 Nd7 18. Bxa6 Bxa6 19. Rxa6 Bxb4 20. Nd3 Ba5 21.
Re2 O-O 22. Nb3 Bc3 23. Ra3 Qb6 24. Nbc5 Rxc5 25. Nxc5 Qxc5 26. Rb3 Bxe5 27.
Qd3 Qd4 28. Qxd4 Bxd4 29. Rd3 Bf6 30. Rd1 Ra8 31. g3 Nb6 32. Rb1 Ra1 33. Ree1
Rxb1 34. Rxb1 Bd4 35. c3 Bc5 36. Rb5 Nd7 37. Rb7 Ne5 38. Rc7 Bf8 39. f4 Nc4 40.
Kf2 g6 41. Rc8 Kg7 42. h4 Ba3 43. Ke2 h5 44. Kd1 Kf6 45. Rc7 Bd6 46. Rd7 Bc5
47. Ke2 Nd6 48. Rc7 Ne4 49. Kf3 Bf2 50. c4 Bxg3 51. cxd5 exd5 52. Rc6+ Kg7 0-1